Bài giảng sinh lí gia súc

Wedi'i Gadw mewn:
Manylion Llyfryddiaeth
Prif Awdur: Nguyễn Thị Kim Đông
Fformat: Llyfr
Iaith:Undetermined
Cyhoeddwyd: Cần Thơ Trường Đại học Cần Thơ - Khoa Nông Nghiệp 1999
Pynciau:
Tagiau: Ychwanegu Tag
Dim Tagiau, Byddwch y cyntaf i dagio'r cofnod hwn!
Thư viện lưu trữ: Trung tâm Học liệu Trường Đại học Cần Thơ
LEADER 00648nam a2200181Ia 4500
001 CTU_46280
008 210402s9999 xx 000 0 und d
082 |a 636.0892 
082 |b Đ455 
100 |a Nguyễn Thị Kim Đông 
245 0 |a Bài giảng sinh lí gia súc 
245 0 |c Nguyễn Thị Kim Đông, Hứa Văn Chung 
260 |a Cần Thơ 
260 |b Trường Đại học Cần Thơ - Khoa Nông Nghiệp 
260 |c 1999 
650 |a veterinary physiology 
904 |i Mai sửa mã hoa tg từ Ch513gt thành Đ455 chưa in nhãn 
980 |a Trung tâm Học liệu Trường Đại học Cần Thơ